All the Europe Island Countries - Statistics

General Stats
  • This quiz has been taken 415 times
  • The average score is 5 of 5
Answer Stats
Answer % Correct
Malta
98%
Republic of Ireland
98%
United Kingdom
97%
Iceland
96%
Cyprus
91%
No matching quizzes found
Score Distribution
Percent of People with Each Score
Percentile by Number Answered
Your Score History
You have not taken this quiz